Statistics for Little Bit of Love - Tom Grennan (All Lyrics)

Click here to take the quiz!

General Stats

  • This quiz has been taken 49 times
  • The average score is 349 of 421

Answer Stats

Answer% Correct
a
97%
A
97%
bit
97%
I
97%
little
97%
love.
97%
need
97%
of
97%
the
97%
to
94%
been
91%
find
91%
I've
91%
on
91%
you.
91%
you
91%
back
89%
deep
89%
holding
89%
I'm
89%
In
89%
in
89%
my
89%
onto
89%
pieces,
89%
swimming
89%
Tryna
89%
tryna
89%
way
89%
and
86%
And
86%
'Cause
86%
end.
83%
late
83%
Lately
83%
your
83%
just
80%
Just
80%
needin'
80%
that
77%
want
77%
can't
74%
do
74%
is
74%
lie.
74%
for
71%
got
71%
heart.
71%
it
71%
counting
69%
deafening
69%
head
69%
silence.
69%
there's
69%
broke
66%
It's
66%
Now
66%
stars.
66%
voices
66%
broken
63%
didn't
63%
something
63%
sorry
63%
this
63%
up.
63%
up
63%
air
60%
All
60%
breathing.
60%
But
60%
but
60%
glass.
60%
like
60%
know
57%
healing.
54%
stepping
54%
These
54%
thinking
54%
wounds
54%
path
51%
wakin'
51%
ain't
49%
me
49%
open
49%
stay
49%
time
49%
too
49%
calling
46%
dream
46%
final
46%
from
46%
guess
46%
name.
46%
22.
43%
every
43%
flew.
43%
heard
43%
knocking
43%
chance.
40%
door.
40%
moved
40%
soon.
40%
Stayed
40%
tried
40%
cut
37%
Has
37%
long?
37%
loose.
37%
million
37%
everything
34%
times
34%
fly,
31%
used
26%
wings
26%

Score Distribution

Percentile by Number Answered

Percent of People with Each Score

Your Score History

You have not taken this quiz